Logo CIB grande

Voces en el papel (Registro nro. 235207)

Detalles MARC
000 -LEADER
campo de control de longitud fija 00515nam a2200205Ia 4500
005 - FECHA Y HORA DE LA ÚLTIMA TRANSACCIÓN
campo de control 20250425162727.0
008 - DATOS DE LONGITUD FIJA--INFORMACIÓN GENERAL
campo de control de longitud fija 250425s9999 xx 000 0 und d
020 ## - NÚMERO INTERNACIONAL ESTÁNDAR DEL LIBRO
Número Internacional Estándar del Libro 9978230300
041 ## - CÓDIGO DE IDIOMA
Código de lengua del texto/banda sonora o título independiente spa
043 ## - CÓDIGO DE ÁREA GEOGRÁFICA
Código de área geográfica ec
082 ## - NÚMERO DE LA CLASIFICACIÓN DECIMAL DEWEY
Número de clasificación 070.44
Iniciales del Autor OQU
010 ## - NÚMERO DE CONTROL DE LA BIBLIOTECA DEL CONGRESO
Número de control de LC 103468
100 ## - ENTRADA PRINCIPAL--NOMBRE DE PERSONA
Nombre de persona Oquendo, Diego
245 #0 - MENCIÓN DEL TÍTULO
Título Voces en el papel
Mención de responsabilidad, etc. Diego Oquendo
250 ## - MENCION DE EDICION
Mención de edición Primera edición
260 ## - PUBLICACIÓN, DISTRIBUCIÓN, ETC.
Lugar de publicación, distribución, etc. Quito
Nombre del editor, distribuidor, etc. Paradiso Editores
Fecha de publicación, distribución, etc. 2007
300 ## - DESCRIPCIÓN FÍSICA
Extensión 624 páginas
Otras características físicas ilustraciones
Dimensiones 22 cm.
650 ## - PUNTO DE ACCESO ADICIONAL DE MATERIA--TÉRMINO DE MATERIA
Término de materia o nombre geográfico como elemento de entrada Entrevistas
942 ## - ELEMENTOS DE ENTRADA SECUNDARIOS (KOHA)
Tipo de ítem Koha Libros
Existencias
Estatus retirado Estado de pérdida Estado de daño No para préstamo Biblioteca de origen Biblioteca actual Fecha de adquisición Coste, precio normal de compra Etiqueta RFID Total de préstamos Código de barras Copia número Tipo de ítem Koha
        CENTRO DE INFORMACIÓN BIBLIOTECARIA CENTRO DE INFORMACIÓN BIBLIOTECARIA 15/06/2017 15.00 0000000000000000037242   D-108041 1 Libros

Copyright 2025 ESPOL. Todos los derechos reservados.